000 00335nam a2200145Ia 4500
008 230718s9999 xx 000 0 und d
041 _aEng.
082 _a891.93
_bMEH-D
100 _aMehmood Zafar
245 0 _adairoo k darmiyan
260 _aPakistan
_bJamhori Publications
_c2017
300 _a197
650 _aLaw
999 _c31577
_d31577